Časopis Národního musea Oddíl věd společenských

Bibliographic Details
New Title:Časopis Národního muzea. Historické muzeum
Previous Title:Časopis Národního musea. Oddíl duchovědný
Format: Serial
Language:Czech
PhysicalDescription:16 zv. 24 cm
Published: Praha Státní pedagogické nakladatelství 1948-1964
ISSN:0862-5328
0862-531X
0008-7343
Subjects:

MARC

LEADER 00000cas a2200000 a 4500
001 vtls001306999
003 SK-MaSNL
005 20260228155651.0
008 971022d19481964xr qr 0 0b0cze c
022 |a 0862-5328 
035 |a SNK000259267 
040 |a SNK  |b slo  |c SNK  |d SAVUK  |e AACR2 
041 0 |a cze 
044 |a xr  |c CZ 
072 7 |a 3  |x Spoločenské vedy  |2 konspekt 
072 7 |a 930  |x Historická veda. Pomocné vedy historické. Archívnictvo  |2 konspekt 
080 |a 3  |2 2001 
080 |a 930  |2 2001 
210 0 |a Čas. Nár. muz., Oddíl věd spol. 
222 0 |a Časopis Národního muzea. Oddíl věd společenských 
245 0 0 |a Časopis Národního musea  |p Oddíl věd společenských 
260 |a Praha  |b Státní pedagogické nakladatelství  |c 1948-1964 
300 |a 16 zv.  |c 24 cm 
310 |a 4x ročne  |b 1962-1964 
321 |a 2x ročne 
362 0 |a Roč. 117 (1948)-roč. 133 (1964)  |z SKC-Seriály/2012 
550 |a Vydáva Národní museum v Praze v Státním pedagogickém nakladatelství 
650 0 7 |a spoločenské vedy  |2 SNKPH  |9 70105 
650 0 7 |a historické vedy  |2 SNKPH  |9 76091 
650 0 7 |a Social sciences  |2 SNKPHeng  |9 265112 
650 0 7 |a Historical sciences  |2 SNKPHeng  |9 265113 
780 0 0 |t Časopis Národního musea. Oddíl duchovědný  |x 0862-531X 
785 0 0 |t Časopis Národního muzea. Historické muzeum  |x 0008-7343 
850 |a Slovenská národná knižnica v Martine 
910 |a savuk 
999 |c 144  |d 144 
952 |0 0  |1 1  |4 0  |7 0  |a SNK  |b SNK  |d 1997-10-22  |l 0  |o snkČC 7/123/1954  |p 17A0104149  |r 2005-01-02 00:00:00  |t P60, <06>, [BOOK], {606}  |w 2026-02-21  |y PREZ